Diseño de una cámara presurizada de mezclado de combustible GLP con aplicación en un motor de ciclo Otto para mejorar el rendimiento efectivo
Αποθηκεύτηκε σε:
| Κύριος συγγραφέας: | |
|---|---|
| Άλλοι συγγραφείς: | |
| Μορφή: | Άγνωστο |
| Γλώσσα: | Spanish |
| Έκδοση: |
[San José,Costa Rica]
2020
|
| Ετικέτες: |
Προσθήκη ετικέτας
Δεν υπάρχουν, Καταχωρήστε ετικέτα πρώτοι!
|
MARC
| LEADER | 00000 a2200000 4500 | ||
|---|---|---|---|
| 003 | 013207 | ||
| 005 | 20230313105402.0 | ||
| 008 | 140114s2020 cr a 000 ||spa d | ||
| 040 | |c cru CEDI | ||
| 090 | |a TFG 8357 | ||
| 100 | |a Rodríguez Rodríguez, José Alberto |9 21213 | ||
| 245 | |a Diseño de una cámara presurizada de mezclado de combustible GLP con aplicación en un motor de ciclo Otto para mejorar el rendimiento efectivo | ||
| 260 | |a [San José,Costa Rica] |c 2020 | ||
| 500 | |a Tesis (licenciatura en ingeniería mecánica)--Universidad de Costa Rica. Facultad de Ingeniería. Escuela de Ingeniería Mecánica | ||
| 501 | |a Director de Tesis: Lic. José Daniel Garbanzo Salas | ||
| 700 | |9 37 |a Garbanzo Salas, José Daniel, 1990- |d Director del TFG | ||
| 942 | |c CEDI | ||
| 999 | |c 12586 |d 12586 | ||
